Vysoké Tatry Starý Smokovec

Bibliographic Details
Format: Postcard
Language:Slovak
German
Hungarian
PhysicalDescription:1 pohľadnica čiernobiela 9 x 14 cm
Published: Starý a Nový Smokovec Obchodný dom - Warenhaus Bányász [1937]
Subjects:

MARC

LEADER 00000nkm a2200000 a 4500
001 vtls011561923
003 SK-MaSNL
005 20260512125227.0
007 kp bo
008 231214q1937 xo |g||||| |00 kuslo
015 |a SNBG 
035 |a urn:nbn:sk:snk-km00bkuk 
035 |a urn:nbn:sk:snk-km3lnes 
035 |a 2A815706-E41D-43EC-AD01-05FE00A2784C 
040 |a SNK  |b slo  |c SNK  |e AACR2 
041 0 |a slo  |a ger  |a hun 
043 |a e-xo--- 
044 |a xo  |c SK 
080 |a 908(437.6)  |2 2011 
080 |a 640.412  |2 2011 
080 |a (084.121)  |2 2011 
080 |a (437.6)  |2 2011 
245 0 0 |a Vysoké Tatry  |h grafika  |b Starý Smokovec 
246 3 1 |a Alt-Schmecks : Grandhotel 
246 3 1 |a Ótátrafüred 
260 |a Starý a Nový Smokovec  |b Obchodný dom - Warenhaus Bányász  |c [1937] 
300 |a 1 pohľadnica  |b čiernobiela  |c 9 x 14 cm 
610 2 7 |a Grandhotel (Starý Smokovec, Slovensko)  |2 SNKKA  |9 55189 
651 7 |a Vysoké Tatry (Poľsko a Slovensko : pohorie)  |2 SNKPHgeo  |9 67729 
651 7 |a Starý Smokovec (Vysoké Tatry, Slovensko)  |2 SNKPH  |9 160864 
655 7 |a miestne pohľadnice  |2 SNKPH  |9 70510 
852 |a Slovenská národná knižnica 
958 |a GC 
958 |a GBN 
958 |a OND 
999 |c 1023313  |d 1025243 
952 |a SNK  |b SNK  |y PREZ  |7 0  |p 17A1184016  |o snkSP 14869  |0 0  |1 0  |4 0  |d 2016-06-21  |f 1  |l 0  |r 2026-02-24 13:30:37  |w 2026-02-24